000 00238nam a2200097Ia 4500
008 230915s9999 xx 000 0 und d
050 _aQA 152.2 .B535 2012
100 _aBLITZER,ROBERT
245 0 _aALGEBRA AND TRIGONOMETRY
942 _cBK
999 _c185305
_d185305